000 00847nab a2200241u 4500
001 15738
003 HDC
007 c| |||a|c|aaaa
008 210218b20140417my ||||| |||| 00| 0 may d
040 _aHDC
100 _aSuffian A Bakar /
_eauthor
_97744
245 0 _aMIHAS 2014 jana hampir RM1 bilion /
_cSuffian A Bakar
336 _atext
_2rdacontent
337 _acomputer
_2rdamedia
338 _aonline resource
_2rdacarrier
650 _aMalaysia External Trade Development Corporation (MATRADE)
_911389
650 _aMalaysia International Halal Showcase (MIHAS)
_98238
710 _aBERITA HARIAN
856 _zRequest full-text at [email protected]
942 _2lcc
942 _cNEWS
942 _kNWSC 003735
999 _c13054
_d13054